000 00462nam a2200097Ia 4500
008 170517s9999 xx 000 0 und d
245 4 _aThe Truth 365
300 _aIn less than ten years social media has taken the world by storm. We can now communicate with almost anyone from anywhere effortlessly and instantly and the ways we use social media are endless: to stay in touch, for...
650 _xTechnology.
856 _uhttp://topdocumentaryfilms.com/truth-365/
999 _c335121
_d335121